000 00191 a2200085 4500
020 _a9781935935032
100 _aORO PUB
245 _aRECYCLING SPACES: CURTING URBAN EVOLUTION
260 _bORO PUB
999 _c13144
_d13144